Carregant...
Marine Impacts of seawater desalination: Science, management, and policy/
| Autor principal: | |
|---|---|
| Publicat: |
Elsevier
2019
|
| LEADER | 00347 a2200097 4500 | ||
|---|---|---|---|
| 020 | |a 9780128119532 | ||
| 100 | |a Nurit Kress | ||
| 245 | |a Marine Impacts of seawater desalination: Science, management, and policy/ | ||
| 260 | |b Elsevier |c 2019 | ||
| 999 | |c 192145 |d 192145 | ||
| 952 | |0 0 |1 0 |4 0 |7 -1 |9 332966 |a LIB |b LIB |d 2020-01-13 |e 1 |g 7360.32 |p 313443 |r 2020-01-13 |v 8976.00 |w 2020-01-13 | ||